Computer accounting with Peachtree for Microsoft Windows : (Record no. 12561)

000 -LEADER
fixed length control field 00502cam a2200169 a 4500
020 ## - INTERNATIONAL STANDARD BOOK NUMBER
ISBN 007238333X
040 ## - CATALOGING SOURCE
Transcribing agency DLC
082 00 - DEWEY DECIMAL CLASSIFICATION NUMBER
Classification number 657 HIL 2000 A042 Or.
100 1# - MAIN ENTRY--AUTHOR NAME
Personal name Yacht, Carol.
245 10 - TITLE STATEMENT
Title Computer accounting with Peachtree for Microsoft Windows :
Remainder of title release 7.0 /
250 ## - EDITION STATEMENT
Edition statement 4th ed.
260 ## - PUBLICATION, DISTRIBUTION, ETC. (IMPRINT)
Place of publication Boston :
Name of publisher McGraw-Hill,
Year of publication c2000.
300 ## - PHYSICAL DESCRIPTION
Number of Pages xvii, 692 p. :
Other physical details ill. ;
Dimensions 28 cm. +
Accompanying material 1 computer laser optical disc. (4 3/4 in.)
500 ## - GENERAL NOTE
General note Includes index.
650 #0 - SUBJECT ADDED ENTRY--TOPICAL TERM
Topical Term Accounting
942 ## - ADDED ENTRY ELEMENTS (KOHA)
Koha item type សៀវភៅភាសាអង់គ្លេស
952 ## - LOCATION AND ITEM INFORMATION (KOHA)
Withdrawn status [LOCAL, KOHA] 0
Holdings
Permanent Location Date acquired Koha item type Lost status Shelving location Barcode Current Location Full call number
Library Block A2017-08-14សៀវភៅភាសាអង់គ្លេស A042A18367Library Block A657 HIL 2000 A042 Or.
មជ្ឈមណ្ឌលឯការនៃសាកលវិទ្យាល័យភូមិន្ទកសិកម្មចំការដូង

Powered by Koha